000
00265nam a2200109Ia 4500
008
220204s9999 xx 000 0 und d
082
_b
HIL
100
_a
Hill, Napolean
245
0
_a
You can work your own miracles
260
_a
New York
_b
Fawcett
_c
1971
942
_c
BK
999
_c
33454
_d
33454